Statistiques concernant Trouvez le joueurs de top 14 (difficile)

Cliquez ici pour prendre le quiz!

Statistiques générales

  • Ce quiz a été pris 24 fois
  • Le résultat moyen est 12 sur 28

Statistiques - réponses

Réponse% Correct
Théo Attissogbé
74%
Ben Lam
68%
Marcos Kremer
68%
Jiuta Wainiqolo
63%
Joel Sclavi
58%
Patrick Sobela
58%
Baptiste Germain
53%
Bautista Delguy
53%
Matthias Haddad
53%
Nathanaël Hulleu
53%
Gavin Stark
47%
Pablo Uberti
47%
Toby Arnold
47%
Luke Whitelock
42%
Mateo Carreras
42%
Ali Crossdale
37%
Alexandre Bécognée
32%
Christian Wade
32%
Cornell du Preez
32%
Mickaël Guillard
32%
Nelson Épée
32%
Peter Samu
32%
Pierre-Henri Azagoh
32%
Gela Aprasidze
26%
Kitione Kamikamica
26%
Brad Weber
21%
Steve Mafi
21%
Abraham Papali'i
16%

Distribution des résultats

Percentile par nombre de réponses

% des personnes avec chaque résultat

Votre développement - résultats

Vous n’avez pas pris ce quiz